[Event "FRA-chT Top 16 Gp Basse"]
[Site "Guingamp"]
[Date "2010.06.03"]
[Round "8.2"]
[White "Rozentalis, Eduardas"]
[Black "Sarthou, Gaetan"]
[Result "1-0"]
[WhiteElo "2618"]
[BlackElo "2372"]
[PlyCount "93"]
[EventDate "2010.06.03"]
[EventType "team-tourn"]
[EventRounds "11"]
[EventCountry "FRA"]
[SourceTitle "EXT 2011"]
[Source "ChessBase"]
[SourceDate "2010.11.26"]
[SourceVersion "1"]
[SourceVersionDate "2010.11.26"]
[SourceQuality "1"]
[WhiteTeam "Strasbourg"]
[BlackTeam "Montpellier"]
[WhiteTeamCountry "FRA"]
[BlackTeamCountry "FRA"]

1. e4 g6 2. d4 Bg7 3. Nf3 d6 4. Bc4 Nf6 5. Qe2 c6 6. e5 dxe5 7. dxe5 Nd5 8. h3 0-0 9. 0-0 Nd7 10. c3 Qc7 11. Re1 e6 12. a4 b6 13. Nbd2 a6 14. Nf1 Bb7 15. h4 c5 16. h5 Ne7 17. N1h2 gxh5 18. Bf4 Ng6 19. Qe3 Rfe8 20. Rad1 Bc6 21. Bb3 b5 22. axb5 axb5 23. Bg3 h4 24. Nxh4 Nxh4 25. Bxh4 Qxe5 26. Qh3 Qh5 27. Ng4 c4 28. Bc2 f5 29. Ne3 Ne5 30. Rd6 Rac8 31. Qg3 Ng6 32. Rxc6 Rxc6 33. Nxf5 exf5 34. Rxe8+ Kf7 35. Re1 Qxh4 36. Qf3 Rc5 37. Bxf5 Bf6 38. Qb7+ Ne7 39. Be6+ Kg7 40. Bh3 Qg5 41. Re4 h5 42. f4 Qd5 43. Rxe7+ Bxe7 44. Qxe7+ Kh6 45. Be6 Qe4 46. Qf8+ Kh7 47. Bg8+ 1-0

[Event "FRA-chT Top 16 GpA"]
[Site "France"]
[Date "2010.05.02"]
[Round "7"]
[White "Sarthou, Gaetan"]
[Black "Naiditsch, Arkadij"]
[Result "0-1"]
[WhiteElo "2386"]
[BlackElo "2691"]
[PlyCount "74"]
[EventDate "2010.03.26"]
[EventType "team-tourn"]
[EventRounds "7"]
[EventCountry "FRA"]
[SourceTitle "CBM 135 Extra"]
[Source "ChessBase"]
[SourceDate "2010.05.04"]
[SourceVersion "1"]
[SourceVersionDate "2010.05.04"]
[SourceQuality "1"]

1. e4 e5 2. Bc4 Nc6 3. Nf3 Nf6 4. d3 Bc5 5. 0-0 0-0 6. c3 d5 7. exd5 Nxd5 8. Re1 Bg4 9. h3 Bh5 10. Nbd2 Nb6 11. Ne4 Nxc4 12. Nxc5 Nd6 13. g4 Bg6 14. Nxe5 Nxe5 15. Rxe5 b6 16. Nb3 f5 17. f4 fxg4 18. hxg4 Nc4 19. Re1 Bxd3 20. Qf3 Qh4 21. Be3 Rad8 22. Bf2 Qf6 23. f5 c5 24. Qh3 Ne5 25. Re3 Rd5 26. Rae1 Bb5 27. Bh4 g5 28. Bg3 Nd3 29. Re6 Qg7 30. c4 Nxe1 31. cxd5 Nf3+ 32. Kf2 Bc4 33. Bd6 Qxb2+ 34. Kg3 Qc3 35. Qh5 Ne5+ 36. Kg2 Qf3+ 37. Kg1 Qg3+ 0-1

[Event "FRA-chT Top 16 GpA"]
[Site "France"]
[Date "2010.04.30"]
[Round "5"]
[White "Sarthou, Gaetan"]
[Black "Sokolov, Ivan"]
[Result "1-0"]
[WhiteElo "2386"]
[BlackElo "2638"]
[PlyCount "107"]
[EventDate "2010.03.26"]
[EventType "team-tourn"]
[EventRounds "7"]
[EventCountry "FRA"]
[SourceTitle "CBM 135 Extra"]
[Source "ChessBase"]
[SourceDate "2010.05.04"]
[SourceVersion "1"]
[SourceVersionDate "2010.05.04"]
[SourceQuality "1"]

1. d4 Nf6 2. Bg5 e6 3. e4 c5 4. d5 h6 5. Bxf6 Qxf6 6. Nc3 a6 7. Nf3 e5 8. Nd2 d6 9. Be2 Nd7 10. Bg4 Be7 11. a4 b6 12. Nc4 Rb8 13. 0-0 h5 14. Bh3 Bd8 15. f4 Qe7 16. Bxd7+ Bxd7 17. fxe5 dxe5 18. d6 Qg5 19. h4 Qxh4 20. Nxe5 Bf6 21. Qd5 Rf8 22. Nf3 Qg4 23. e5 Bd8 24. Rae1 Qe6 25. Qd2 Bc6 26. Ne4 Kd7 27. Neg5 Bxg5 28. Nxg5 Qd5 29. Qe2 Rbe8 30. Rf2 c4 31. Qe3 Qc5 32. Qxc5 bxc5 33. Nxf7 Bd5 34. Ng5 Rxf2 35. Kxf2 Rf8+ 36. Kg3 Rd8 37. c3 g6 38. Re2 Kc6 39. Rd2 Rb8 40. Rf2 a5 41. Rf6 Kd7 42. Rxg6 Rxb2 43. Rg7+ Kc6 44. d7 Kc7 45. e6 Rxg2+ 46. Kf4 Rf2+ 47. Ke5 Bc6 48. Nf7 Re2+ 49. Kf6 Bxd7 50. Ng5 Rd2 51. Ne4 Rd5 52. Rxd7+ Rxd7 53. exd7 Kxd7 54. Kg5 1-0

[Event "FRA-chT Top 16 GP Basse"]
[Site "Port Barcares"]
[Date "2005.05.04"]
[Round "8"]
[White "Kouatly, Bachar"]
[Black "Sarthou, Gaetan"]
[Result "1-0"]
[WhiteElo "2469"]
[BlackElo "2398"]
[PlyCount "110"]
[EventDate "2005.05.04"]
[EventType "team-tourn"]
[EventRounds "4"]
[EventCountry "FRA"]
[SourceTitle "EXT 2006"]
[Source "ChessBase"]
[SourceDate "2005.11.24"]
[SourceVersion "1"]
[SourceVersionDate "2005.11.24"]
[SourceQuality "1"]
[WhiteTeam "Vandoeuvre"]
[BlackTeam "Montpellier"]
[WhiteTeamCountry "FRA"]
[BlackTeamCountry "FRA"]

1. d4 d5 2. c4 c6 3. cxd5 cxd5 4. Nc3 Nf6 5. Bf4 Nc6 6. e3 a6 7. Bd3 Bg4 8. f3 Bh5 9. Qb3 Na5 10. Qa4+ Nc6 11. Rc1 e6 12. Qb3 Bd6 13. Qxb7 Na5 14. Qxa8 Qxa8 15. Bxd6 Bg6 16. Be2 Qc6 17. Ba3 Kd7 18. b3 Rc8 19. Nh3 Qb6 20. Kf2 Nc6 21. Na4 Qa5 22. Rc5 Qd2 23. Rd1 Qxa2 24. Nb6+ Kd8 25. Nxc8 Nxd4 26. exd4 Qxa3 27. Na7 Nd7 28. Rc8+ Ke7 29. Nf4 Qxb3 30. Nxg6+ hxg6 31. Nc6+ Kd6 32. Na5 Qb2 33. Rc6+ Ke7 34. Rxa6 g5 35. Nc6+ Kf6 36. Ra7 Qb6 37. Ra6 Qc7 38. Rb1 Qxh2 39. Rb7 g4 40. Rxd7 g3+ 41. Ke3 Qxg2 42. Raa7 Qg1+ 43. Kd2 Kg5 44. Rxf7 Kh4 45. Rxg7 Kh3 46. Rg6 Qb1 47. Bd3 Qb2+ 48. Bc2 e5 49. Rag7 exd4 50. Rxg3+ Kh2 51. f4 d3 52. Kxd3 Qb5+ 53. Kd2 Qxc6 54. Rg2+ Kh1 55. Rg1+ Kh2 1-0

[Event "FRA-chT Top 16 GpA"]
[Site "Noyon"]
[Date "2005.04.03"]
[Round "7"]
[White "Netzer, Jean"]
[Black "Sarthou, Gaetan"]
[Result "1-0"]
[WhiteElo "2384"]
[BlackElo "2398"]
[PlyCount "115"]
[EventDate "2005.03.31"]
[EventType "team-tourn"]
[EventRounds "7"]
[EventCountry "FRA"]
[SourceTitle "CBM 105 Extra"]
[Source "ChessBase"]
[SourceDate "2005.05.01"]
[SourceVersion "1"]
[SourceVersionDate "2005.05.01"]
[SourceQuality "1"]
[WhiteTeam "Bischwiller"]
[BlackTeam "Montpellier"]
[WhiteTeamCountry "FRA"]
[BlackTeamCountry "FRA"]

1. e4 g6 2. d4 Bg7 3. Nc3 d6 4. f4 Nf6 5. Nf3 0-0 6. Bd3 Na6 7. a3 c5 8. d5 e6 9. 0-0 exd5 10. exd5 Nc7 11. Bc4 Rb8 12. a4 b6 13. Rb1 Re8 14. b4 Ng4 15. Nb5 Nxb5 16. Bxb5 Re4 17. h3 Ne3 18. Bxe3 Rxe3 19. Qd2 Re7 20. bxc5 bxc5 21. Rbe1 Rxe1 22. Rxe1 Bd7 23. Qd3 h6 24. Kh2 Kh7 25. Re3 Bf5 26. Qe2 Qf6 27. g3 Rb7 28. Nh4 Bd7 29. Qd3 Rc7 30. Bxd7 Rxd7 31. f5 g5 32. Ng2 Rb7 33. Re2 Rb4 34. a5 Ra4 35. a6 c4 36. Qe4 Qe5 37. Qf3 Qf6 38. Ne3 Ra3 39. Qe4 Qe5 40. Qxe5 Bxe5 41. Nxc4 Bxg3+ 42. Kg2 Rc3 43. Re7 Bf4 44. Rxf7+ Kg8 45. Rc7 h5 46. f6 g4 47. hxg4 hxg4 48. Rc8+ Kh7 49. f7 Rxc2+ 50. Kf1 Rc1+ 51. Ke2 Bh6 52. Nxd6 Ra1 53. Nf5 Ra2+ 54. Kf1 Ra1+ 55. Kg2 Ra2+ 56. Kg3 Ra3+ 57. Kxg4 Ra4+ 58. Kg3 1-0

[Event "FRA-chT Top 16 GpA"]
[Site "Noyon"]
[Date "2005.04.01"]
[Round "5"]
[White "Sarthou, Gaetan"]
[Black "Bricard, Emmanuel"]
[Result "0-1"]
[WhiteElo "2398"]
[BlackElo "2434"]
[PlyCount "62"]
[EventDate "2005.03.31"]
[EventType "team-tourn"]
[EventRounds "7"]
[EventCountry "FRA"]
[SourceTitle "CBM 105 Extra"]
[Source "ChessBase"]
[SourceDate "2005.05.01"]
[SourceVersion "1"]
[SourceVersionDate "2005.05.01"]
[SourceQuality "1"]
[WhiteTeam "Montpellier"]
[BlackTeam "Mulhouse"]
[WhiteTeamCountry "FRA"]
[BlackTeamCountry "FRA"]

1. e4 e6 2. d4 d5 3. Nd2 Be7 4. Bd3 c5 5. dxc5 Bxc5 6. Ngf3 Nf6 7. Qe2 Nc6 8. 0-0 Qc7 9. b3 Nd4 10. Nxd4 Bxd4 11. Rb1 0-0 12. Nf3 dxe4 13. Bxe4 Bc3 14. Bd3 b6 15. Ng5 Bb7 16. Ne4 Nxe4 17. Bxe4 Bxe4 18. Qxe4 Rfd8 19. Bg5 Rd5 20. Rbd1 Qc6 21. Rxd5 exd5 22. Qd3 Rc8 23. Rd1 d4 24. a4 Bb2 25. Rd2 Bc1 26. Qxd4 Bxd2 27. Bxd2 Qxc2 28. h3 Qd1+ 29. Kh2 Qxb3 30. Bf4 Qc4 31. Qe5 Qxa4 0-1

[Event "Mulhouse IM"]
[Site "Mulhouse"]
[Date "2004.07.08"]
[Round "9"]
[White "Netzer, Jean"]
[Black "Sarthou, Gaetan"]
[Result "0-1"]
[WhiteElo "2301"]
[BlackElo "2367"]
[PlyCount "80"]
[EventDate "2004.06.30"]
[EventType "tourn"]
[EventRounds "9"]
[EventCountry "FRA"]
[EventCategory "3"]
[SourceTitle "CBM 101 Extra"]
[Source "ChessBase"]
[SourceDate "2004.09.01"]
[SourceVersion "2"]
[SourceVersionDate "2004.09.01"]
[SourceQuality "1"]

1. c4 c6 2. e4 d5 3. exd5 cxd5 4. d4 Nf6 5. Nc3 Nc6 6. h3 g6 7. Nf3 Bg7 8. Be2 0-0 9. 0-0 b6 10. Re1 Bb7 11. Bg5 Ne4 12. cxd5 Nxc3 13. bxc3 Qxd5 14. Qd2 Qd6 15. Bb5 e6 16. Bf4 Qa3 17. Ne5 Nxe5 18. Bxe5 Rac8 19. Bxg7 Kxg7 20. Re3 Rc7 21. h4 Rfc8 22. Rc1 Qd6 23. Bf1 Rc5 24. Rh3 Rf5 25. Re1 h5 26. Ree3 Ra5 27. Bd3 Bd5 28. Bb1 Qf4 29. Qc2 Rc4 30. Rhg3 Rca4 31. Re5 Rxa2 32. Bxa2 Rxa2 33. Qd1 Qxf2+ 34. Kh2 Bxg2 35. Qg1 Qf4 36. Qxg2 Qxh4+ 37. Kg1 Rxg2+ 38. Kxg2 Qf4 39. Ree3 Qc7 40. Re2 Qc4 0-1

[Event "Mulhouse IM"]
[Site "Mulhouse"]
[Date "2004.07.07"]
[Round "8"]
[White "Sarthou, Gaetan"]
[Black "Eisenbeiser, Amadeus"]
[Result "1-0"]
[WhiteElo "2367"]
[BlackElo "2229"]
[PlyCount "63"]
[EventDate "2004.06.30"]
[EventType "tourn"]
[EventRounds "9"]
[EventCountry "FRA"]
[EventCategory "3"]
[SourceTitle "CBM 101 Extra"]
[Source "ChessBase"]
[SourceDate "2004.09.01"]
[SourceVersion "2"]
[SourceVersionDate "2004.09.01"]
[SourceQuality "1"]

1. e4 c5 2. Nf3 a6 3. c3 d5 4. exd5 Qxd5 5. d4 Nf6 6. Be2 e6 7. 0-0 Nc6 8. Be3 cxd4 9. Nxd4 Ne5 10. Nd2 Bc5 11. c4 Qd8 12. N2b3 Ba7 13. Bf4 Ng6 14. Bg3 0-0 15. Bf3 e5 16. Nc2 Qc7 17. Qe2 Be6 18. Ne3 Bxe3 19. Qxe3 Qxc4 20. Bxb7 Rab8 21. Nc5 Nf4 22. Bxa6 Qd5 23. Bxf4 exf4 24. Qa3 f3 25. Nxe6 fxg2 26. Nxf8 gxf1Q+ 27. Bxf1 Rxf8 28. Bg2 Qe5 29. Qc3 Qf4 30. a4 h5 31. h3 Qg5 32. a5 1-0

[Event "Mulhouse IM"]
[Site "Mulhouse"]
[Date "2004.07.06"]
[Round "7"]
[White "Sarthou, Gaetan"]
[Black "Riff, Vincent"]
[Result "1/2-1/2"]
[WhiteElo "2367"]
[BlackElo "2171"]
[PlyCount "69"]
[EventDate "2004.06.30"]
[EventType "tourn"]
[EventRounds "9"]
[EventCountry "FRA"]
[EventCategory "3"]
[SourceTitle "CBM 101 Extra"]
[Source "ChessBase"]
[SourceDate "2004.09.01"]
[SourceVersion "2"]
[SourceVersionDate "2004.09.01"]
[SourceQuality "1"]

1. d4 d5 2. c4 Nc6 3. Nf3 Bg4 4. cxd5 Bxf3 5. dxc6 Bxc6 6. Nc3 e6 7. a3 Nf6 8. f3 Nd5 9. e4 Nxc3 10. bxc3 Qh4+ 11. g3 Qh5 12. Bd3 0-0-0 13. 0-0 f5 14. Qb3 Re8 15. Bb5 Bxb5 16. Qxb5 a6 17. Qc4 e5 18. dxe5 Rxe5 19. Bf4 Rc5 20. Qe6+ Kb8 21. Rab1 Qg6 22. Qd7 Bd6 23. Rb6 Rd5 24. Rxd6 Rxd6 25. Bxd6 Qxd6 26. Qxf5 Rd8 27. Rf2 Qxa3 28. Qe5 Rd2 29. g4 Qc1+ 30. Kg2 Rxf2+ 31. Kxf2 Qd2+ 32. Kf1 Qd1+ 33. Kg2 Qd2+ 34. Kh3 Qh6+ 35. Kg2 1/2-1/2

[Event "Mulhouse IM"]
[Site "Mulhouse"]
[Date "2004.07.04"]
[Round "5"]
[White "Sarthou, Gaetan"]
[Black "Moingt, Anne"]
[Result "1-0"]
[WhiteElo "2367"]
[BlackElo "2184"]
[PlyCount "107"]
[EventDate "2004.06.30"]
[EventType "tourn"]
[EventRounds "9"]
[EventCountry "FRA"]
[EventCategory "3"]
[SourceTitle "CBM 101 Extra"]
[Source "ChessBase"]
[SourceDate "2004.09.01"]
[SourceVersion "2"]
[SourceVersionDate "2004.09.01"]
[SourceQuality "1"]

1. e4 d6 2. d4 Nf6 3. Nc3 Nbd7 4. Nf3 e5 5. Bc4 Be7 6. 0-0 0-0 7. Re1 c6 8. a4 b6 9. d5 Bb7 10. b3 Qc7 11. dxc6 Bxc6 12. Ba3 Nc5 13. Bxc5 dxc5 14. Qe2 Rad8 15. Rad1 Bd7 16. h3 h6 17. Nd5 Nxd5 18. exd5 Bd6 19. Nxe5 Rde8 20. f4 Qb8 21. Nxd7 Rxe2 22. Rxe2 Qb7 23. Nxf8 Kxf8 24. f5 a6 25. Rde1 Kg8 26. Re8+ Kh7 27. Rd8 Be7 28. Bxa6 Qa7 29. Re8 Bh4 30. R1e4 Bg3 31. Bb5 Qa5 32. Re3 Bf4 33. Rf3 Qd2 34. Bd3 Bd6 35. Rf1 Qg5 36. Re2 Qg3 37. Rf3 Qh2+ 38. Kf2 c4 39. Bxc4 Bc5+ 40. Ke1 Qg1+ 41. Kd2 Qd4+ 42. Rd3 Qf4+ 43. Kc3 Qf1 44. Kd2 Qf4+ 45. Kd1 Ba3 46. Rdd2 Bb4 47. c3 Bxc3 48. d6 Bxd2 49. Rxd2 Qe4 50. Bd3 Qb4 51. f6+ g6 52. d7 Qxb3+ 53. Bc2 Qc4 54. Rd3 1-0

[Event "FRA-chT Poule Haute"]
[Site "Belfort"]
[Date "2004.05.10"]
[Round "10"]
[White "Sulava, Nenad"]
[Black "Sarthou, Gaetan"]
[Result "1/2-1/2"]
[WhiteElo "2477"]
[BlackElo "2349"]
[PlyCount "72"]
[EventDate "2004.05.08"]
[EventType "team-tourn"]
[EventRounds "4"]
[EventCountry "FRA"]
[SourceTitle "EXT 2005"]
[Source "ChessBase"]
[SourceDate "2004.11.15"]
[SourceVersion "1"]
[SourceVersionDate "2004.11.15"]
[SourceQuality "1"]
[WhiteTeam "Nice"]
[BlackTeam "Montpellier"]
[WhiteTeamCountry "FRA"]
[BlackTeamCountry "FRA"]

1. Nf3 d5 2. d4 Nf6 3. c4 c6 4. Nc3 e6 5. g3 dxc4 6. Ne5 Nbd7 7. Nxc4 b5 8. Nd2 Qb6 9. Bg2 Bb7 10. a4 c5 11. e4 cxd4 12. Nxb5 a6 13. Na3 Bb4 14. 0-0 0-0 15. Nac4 Qc7 16. b3 Rfd8 17. Ba3 Bxa3 18. Nxa3 Nc5 19. Rc1 Qb6 20. Nac4 Qb4 21. e5 Nd5 22. Nd6 Nc3 23. Qh5 g6 24. Qh6 Ne2+ 25. Kh1 Rxd6 26. exd6 Nxc1 27. Rxc1 Nd3 28. Rc7 Bxg2+ 29. Kxg2 Qxd6 30. Ne4 Qd5 31. f3 Qe5 32. Ng5 Qe2+ 33. Kh3 Nf4+ 34. gxf4 Qf1+ 35. Kg3 Qg1+ 36. Kh3 Qf1+ 1/2-1/2

[Event "EU-ch Internet qual"]
[Site "Playchess.com INT"]
[Date "2003.11.08"]
[Round "12"]
[White "Bjelajac, Milan"]
[Black "Sarthou, Gaetan"]
[Result "1-0"]
[WhiteElo "2370"]
[BlackElo "2367"]
[PlyCount "149"]
[EventDate "2003.11.08"]
[EventType "swiss (blitz)"]
[EventRounds "15"]
[EventCountry "GER"]
[SourceTitle "EXT 2004"]
[Source "ChessBase"]
[SourceDate "2003.11.25"]
[SourceVersion "1"]
[SourceVersionDate "2003.11.25"]
[SourceQuality "1"]

1. e4 c5 2. c3 d5 3. exd5 Qxd5 4. d4 cxd4 5. cxd4 Nc6 6. Nf3 Bg4 7. Be2 e6 8. Nc3 Qa5 9. h3 Bh5 10. Be3 Nf6 11. 0-0 Bd6 12. Nb5 Bb8 13. Qb3 0-0 14. Rad1 Qb4 15. Qxb4 Nxb4 16. a3 Nbd5 17. Bg5 h6 18. Bxf6 Nxf6 19. Rfe1 a6 20. Nc3 Rd8 21. Ne5 Bxe2 22. Rxe2 Ba7 23. Red2 Nd5 24. Nf3 Rac8 25. Ne4 Rc7 26. Kf1 f6 27. Re1 Kf7 28. Ng3 Rcd7 29. h4 Nc7 30. Rde2 Bxd4 31. Nxd4 Rxd4 32. h5 Rd1 33. Rc2 Rxe1+ 34. Kxe1 Rd7 35. Ne4 Nd5 36. Rc8 b6 37. Nc3 Nf4 38. g3 Nxh5 39. Rc6 Rb7 40. Na4 f5 41. Nxb6 Nf6 42. Nc4 a5 43. Nd6+ Ke7 44. Nxb7 g5 45. Nxa5 h5 46. Nc4 h4 47. gxh4 gxh4 48. Nd2 h3 49. Nf3 Ng4 50. Rc7+ Kf6 51. Rh7 e5 52. Rxh3 e4 53. Nd4 f4 54. a4 Ke5 55. Ne2 f3 56. Rh5+ Kd6 57. Ng3 e3 58. fxe3 Nxe3 59. a5 Kc6 60. a6 Kb6 61. Kf2 Nd1+ 62. Kxf3 Nxb2 63. Rh6+ Ka7 64. Ke4 Nc4 65. Kd4 Nb6 66. Kc5 Nd7+ 67. Kb5 Ne5 68. Rh7+ Ka8 69. Ne4 Kb8 70. Nf6 Ka8 71. Nd5 Nd7 72. Rxd7 Kb8 73. Ne7 Ka8 74. Kb6 Kb8 75. Rd8# 1-0

[Event "EU-ch Internet qual"]
[Site "Playchess.com INT"]
[Date "2003.11.08"]
[Round "9"]
[White "Sarthou, Gaetan"]
[Black "Drozdov, Alexandre"]
[Result "1-0"]
[WhiteElo "2367"]
[BlackElo "2313"]
[PlyCount "87"]
[EventDate "2003.11.08"]
[EventType "swiss (blitz)"]
[EventRounds "15"]
[EventCountry "GER"]
[SourceTitle "EXT 2004"]
[Source "ChessBase"]
[SourceDate "2003.11.25"]
[SourceVersion "1"]
[SourceVersionDate "2003.11.25"]
[SourceQuality "1"]

1. e4 d5 2. exd5 Qxd5 3. Nc3 Qe5+ 4. Be2 c6 5. Nf3 Qc7 6. Bc4 Bg4 7. Bxf7+ Kxf7 8. Ng5+ Ke8 9. Qxg4 Nf6 10. Qe6 Qd7 11. Qe2 Na6 12. d3 h6 13. Ne6 Nc7 14. Nc5 Qc8 15. Be3 e6 16. 0-0-0 Ncd5 17. N5e4 Bb4 18. Nxd5 Nxd5 19. Qh5+ Ke7 20. a3 Ba5 21. Bc5+ Kd7 22. Qf7+ Kd8 23. Nd6 Qc7 24. Nxb7+ Kc8 25. Qxc7+ Bxc7 26. Nd6+ Kd7 27. Ne4 Bb6 28. Rhe1 Rhf8 29. f3 Nf4 30. Rd2 g5 31. Bxf8 Rxf8 32. d4 Nd5 33. Nc5+ Bxc5 34. dxc5 Rf4 35. g3 Ra4 36. b3 Rxa3 37. Kb2 Ra5 38. c4 Rxc5 39. cxd5 cxd5 40. Rc2 Rb5 41. Ra1 Rb7 42. Ra6 Ke7 43. Rcc6 Kf7 44. Rxe6 1-0

[Event "EU-ch Internet qual"]
[Site "Playchess.com INT"]
[Date "2003.11.08"]
[Round "5"]
[White "Sarthou, Gaetan"]
[Black "Hansen, Sune Berg"]
[Result "0-1"]
[WhiteElo "2367"]
[BlackElo "2551"]
[PlyCount "54"]
[EventDate "2003.11.08"]
[EventType "swiss (blitz)"]
[EventRounds "15"]
[EventCountry "GER"]
[SourceTitle "EXT 2004"]
[Source "ChessBase"]
[SourceDate "2003.11.25"]
[SourceVersion "1"]
[SourceVersionDate "2003.11.25"]
[SourceQuality "1"]

1. e4 c5 2. Nf3 e6 3. d4 cxd4 4. Nxd4 a6 5. Bd3 Bc5 6. Nb3 Be7 7. c4 d6 8. 0-0 Nf6 9. Nc3 Nbd7 10. Qe2 b6 11. f4 0-0 12. e5 dxe5 13. fxe5 Nxe5 14. Bxh7+ Nxh7 15. Qxe5 Bb7 16. Be3 Rc8 17. Rad1 Qe8 18. Bxb6 Qc6 19. Nd5 exd5 20. c5 d4 21. Rf3 Bf6 22. Qh5 g6 23. Qh6 Bg5 24. Qh3 Be3+ 25. Kh1 Ng5 26. Qg3 Nxf3 27. gxf3 Qxf3+ 0-1

[Event "EU-ch Internet qual"]
[Site "Playchess.com INT"]
[Date "2003.11.08"]
[Round "10"]
[White "Sarthou, Gaetan"]
[Black "Volkov, Sergey"]
[Result "0-1"]
[WhiteElo "2367"]
[BlackElo "2620"]
[PlyCount "54"]
[EventDate "2003.11.08"]
[EventType "swiss (blitz)"]
[EventRounds "15"]
[EventCountry "GER"]
[SourceTitle "EXT 2004"]
[Source "ChessBase"]
[SourceDate "2003.11.25"]
[SourceVersion "1"]
[SourceVersionDate "2003.11.25"]
[SourceQuality "1"]

1. e4 e6 2. d4 d5 3. Nd2 Nf6 4. e5 Nfd7 5. Bd3 c5 6. c3 Nc6 7. Ne2 cxd4 8. cxd4 f6 9. exf6 Nxf6 10. Nf3 Bd6 11. 0-0 0-0 12. Bg5 Qc7 13. Rc1 Bd7 14. Re1 Rae8 15. Bh4 Qb6 16. b3 Ba3 17. Rc2 Nb4 18. Rd2 Nxd3 19. Rxd3 Bb5 20. Re3 Ng4 21. Ne5 Nxe3 22. fxe3 Bb4 23. Rf1 Rxf1+ 24. Qxf1 Rf8 25. Nf3 Qa6 26. Qc1 Bxe2 27. Ne5 Rf1+ 0-1

[Event "EU-ch Internet qual"]
[Site "Playchess.com INT"]
[Date "2003.11.08"]
[Round "1"]
[White "Schulze, Andreas"]
[Black "Sarthou, Gaetan"]
[Result "0-1"]
[WhiteElo "2196"]
[BlackElo "2367"]
[PlyCount "108"]
[EventDate "2003.11.08"]
[EventType "swiss (blitz)"]
[EventRounds "15"]
[EventCountry "GER"]
[SourceTitle "EXT 2004"]
[Source "ChessBase"]
[SourceDate "2003.11.25"]
[SourceVersion "1"]
[SourceVersionDate "2003.11.25"]
[SourceQuality "1"]

1. e4 c5 2. Nf3 e6 3. b3 Nf6 4. e5 Nd5 5. c4 Nc7 6. Nc3 Nc6 7. Ne4 Be7 8. Nd6+ Bxd6 9. exd6 Na6 10. Bb2 0-0 11. d4 cxd4 12. Nxd4 Qa5+ 13. Qd2 Qe5+ 14. Ne2 Qe4 15. f3 Qg6 16. Nf4 Qg5 17. Be2 Nc5 18. Nd3 Nxd3+ 19. Bxd3 Qxd2+ 20. Kxd2 b6 21. Be4 Bb7 22. Rad1 Rfc8 23. Ke3 Nd8 24. Bxb7 Nxb7 25. Rd4 Rc6 26. Rhd1 f6 27. f4 a5 28. g4 Kf7 29. Ba3 h5 30. g5 Rg8 31. Rg1 Rh8 32. gxf6 gxf6 33. h4 Rg8 34. Rxg8 Kxg8 35. b4 axb4 36. Bxb4 Nc5 37. Bxc5 Rxc5 38. Ke4 Ra5 39. Rd2 Ra3 40. Rb2 Ra6 41. Kd4 Kf7 42. a4 Rxa4 43. Rxb6 Ra1 44. Rb5 Rd1+ 45. Kc3 Rxd6 46. Rxh5 Rc6 47. Rh7+ Ke8 48. h5 d5 49. h6 Rxc4+ 50. Kd3 Kf8 51. Ra7 Kg8 52. Re7 Re4 53. Re8+ Kh7 54. Re7+ Kxh6 0-1

[Event "FRA-chT Poule Haute"]
[Site "France"]
[Date "2003.05.09"]
[Round "10.6"]
[White "Lefebvre, Herve"]
[Black "Sarthou, Gaetan"]
[Result "1-0"]
[WhiteElo "2202"]
[BlackElo "2375"]
[PlyCount "71"]
[EventDate "2003.05.07"]
[EventType "team-tourn"]
[EventRounds "4"]
[EventCountry "FRA"]
[SourceTitle "CBM 095"]
[Source "ChessBase"]
[SourceDate "2003.07.25"]
[SourceVersion "1"]
[SourceVersionDate "2003.07.25"]
[SourceQuality "1"]
[WhiteTeam "Gonfreville"]
[BlackTeam "Montpellier"]
[WhiteTeamCountry "FRA"]
[BlackTeamCountry "FRA"]

1. c4 c6 2. Nc3 d5 3. d4 Nf6 4. e3 e6 5. Nf3 Nbd7 6. Bd3 dxc4 7. Bxc4 b5 8. Bd3 Bd6 9. 0-0 0-0 10. e4 e5 11. Bg5 Bb7 12. Re1 a6 13. Rc1 Re8 14. Bb1 Rc8 15. a3 h6 16. Bh4 exd4 17. Nxd4 Bf4 18. Nf5 Qc7 19. Nd5 Nxd5 20. exd5 Bxc1 21. d6 Qa5 22. Ne7+ Kh8 23. Qxc1 Rcd8 24. b4 Qb6 25. Qc2 Nf8 26. Qb3 Ne6 27. Rxe6 Qd4 28. Qc2 f5 29. Bg3 Bc8 30. Be5 Bxe6 31. Bxd4 Rxd6 32. Bc5 Rd7 33. h3 Rdxe7 34. Bxe7 Rxe7 35. Qxc6 Bd7 36. Qd6 1-0

[Event "FRA-chT Poule Haute"]
[Site "France"]
[Date "2003.05.07"]
[Round "8.6"]
[White "Apicella, Manuel"]
[Black "Sarthou, Gaetan"]
[Result "1-0"]
[WhiteElo "2501"]
[BlackElo "2375"]
[PlyCount "51"]
[EventDate "2003.05.07"]
[EventType "team-tourn"]
[EventRounds "4"]
[EventCountry "FRA"]
[SourceTitle "CBM 095"]
[Source "ChessBase"]
[SourceDate "2003.07.25"]
[SourceVersion "1"]
[SourceVersionDate "2003.07.25"]
[SourceQuality "1"]
[WhiteTeam "Clichy"]
[BlackTeam "Montpellier"]
[WhiteTeamCountry "FRA"]
[BlackTeamCountry "FRA"]

1. e4 c5 2. Nf3 d6 3. d4 cxd4 4. Nxd4 Nf6 5. Nc3 a6 6. Be3 e5 7. Nb3 Be6 8. f3 Nbd7 9. g4 b5 10. g5 b4 11. Na4 Nh5 12. Qd2 Qc7 13. Qxb4 d5 14. Qa5 Qb7 15. Nac5 Bxc5 16. Bxc5 dxe4 17. 0-0-0 exf3 18. Ba3 f6 19. gxf6 gxf6 20. Nd4 exd4 21. Qxh5+ Bf7 22. Re1+ Kd8 23. Qxf7 f2 24. Be7+ Kc8 25. Qc4+ Qc7 26. Rd1 1-0

[Event "FRA-chT Gp-B"]
[Site "France"]
[Date "2003.04.06"]
[Round "7.6"]
[White "Sarthou, Gaetan"]
[Black "Costa, Jean Luc"]
[Result "0-1"]
[WhiteElo "2375"]
[BlackElo "2373"]
[PlyCount "57"]
[EventDate "2003.01.31"]
[EventType "team"]
[EventRounds "7"]
[EventCountry "FRA"]
[SourceTitle "CBM 095"]
[Source "ChessBase"]
[SourceDate "2003.07.25"]
[SourceVersion "1"]
[SourceVersionDate "2003.07.25"]
[SourceQuality "1"]
[WhiteTeam "Montpellier"]
[BlackTeam "Mulhouse"]
[WhiteTeamCountry "FRA"]
[BlackTeamCountry "FRA"]

1. e4 e5 2. Nf3 d6 3. d4 exd4 4. Nxd4 Nf6 5. Nc3 Be7 6. Be2 0-0 7. 0-0 Re8 8. f4 c6 9. Kh1 d5 10. e5 Nfd7 11. Bh5 g6 12. Bg4 Na6 13. e6 Nf6 14. exf7+ Kxf7 15. Bxc8 Rxc8 16. f5 Nc7 17. Qd3 c5 18. Nf3 d4 19. fxg6+ Kg7 20. Ne2 Ne6 21. Ng3 hxg6 22. Ne5 Nf8 23. Qd2 Kg8 24. Qh6 N6h7 25. Qf4 Qd5 26. Ne4 Bd8 27. Nd6 Rxe5 28. Nf7 Re6 29. Qg4 0-1